Non-performing assets in commercial banks/ (Record no. 8421)

MARC details
000 -LEADER
fixed length control field 00544 a2200181 4500
010 ## - LCCN (DPL NO)
LC control number ENG-88449
020 ## - INTERNATIONAL STANDARD BOOK NUMBER
International Standard Book Number 8189915207
Terms of availability 900.00
035 ## - SYSTEM CONTROL NUMBER
System control number EN-71982
037 ## - SOURCE OF ACQUISITION
Source of stock number/acquisition DBAD / PUB
082 14 - DEWEY DECIMAL CLASSIFICATION NUMBER
Classification number 332.120681
100 ## - MAIN ENTRY--PERSONAL NAME
Personal name Jain, Vibha
245 1# - TITLE STATEMENT
Title Non-performing assets in commercial banks/
Statement of responsibility, etc by Vibha Jain
260 ## - PUBLICATION, DISTRIBUTION, ETC. (IMPRINT)
Place of publication, distribution, etc New Delhi
Name of publisher, distributor, etc Regal Publications
Date of publication, distribution, etc 2007
270 ## - ADDRESS
Address F-159, Rajouri Garden
State or province New Delhi
Postal code 110 027
300 ## - PHYSICAL DESCRIPTION
Extent xvii, 336p.
Dimensions 22cm (Hb)
500 ## - GENERAL NOTE
General note Includes index
942 ## - ADDED ENTRY ELEMENTS (KOHA)
Institution code [OBSOLETE] dpl
Item type English Books
Source of classification or shelving scheme Dewey Decimal Classification
Classification part 332.120681
Call number suffix JAI
Holdings
Withdrawn status Lost status Not for loan Collection code Home library Current library Source of acquisition Cost, normal purchase price Full call number Barcode Copy number Cost, replacement price Koha item type
    Not For Loan Non-fiction D.B.Act.Division D.B.Act.Division DBAD/PUB 900.00 332.120681 JAI EN-71982 1 900.00 English Books

© Delhi Public Library
Hit Counter
free hit counter